000 00543nam a22001697a 4500
005 20150813120125.0
010 _aENG-113528
020 _c495.00
_a9788124117705
035 _aEN- 97060
037 _bDBAD/PUB
100 _aSubramanian Swamy
245 _aVirat Hindu identity :
_cby Subramanian Swamy
_bconcept and its power /
260 _aNew Delhi
_bHar-Anand Publications
_c2013
270 _aE-49/3,Okhla Industrial Area,Phase-II
_bNew Delhi
_e110020
300 _a199p.
_c23cm(Hb)
942 _2ddc
_cEN
_mSUB
_h320.540954
999 _c95040
_d95040